000 00846nas a2200289 4500
001 BR2011006443
003 BR-BrBNA
005 20231205115218.0
007 ta
008 230509b bl.|||p| |||| 00| 00por d
040 _aBR-BrBNA
_bpor
_cBiblioteca Nacional de Agricultura
041 _a(En)
072 _aL01
100 1 _aBotaro, B.G.
100 1 _aCortinhas, C.S.
100 1 _aMestieri, L.
100 1 _aMachado, P.F.
100 1 _aSantos, M.V. dos
245 1 _aPrediction of bovine milk true protein content by mid-infrared spectroscopy
650 _aVACA LEITEIRA
650 _aLEITE
650 _aCOMPOSIÇÃO QUÍMICA
650 _aPROTEÍNA
773 0 _tCiência Rural (Brazil)
_xISSN 0103-8478
_g(Aug 2011), v. 41(8) p. 1472-1474
_wBR2011006443
909 _a202311
_bLúcia
_c55
_dLúcia Elande
942 _2AGRIS
_n0
_cANA
999 _c212640
_d212640